| 000 | 02691cam a22003255a 4500 | ||
|---|---|---|---|
| 001 | 2130792 | ||
| 005 | 20161120111235.0 | ||
| 008 | 980309t1997 nyu frb 001 0 eng d | ||
| 020 | _a0471247413 | ||
| 020 | _a9780471247418 | ||
| 040 |
_aMIA _cMIA _dOrLoB-B _dEG-ScBUE _beng |
||
| 082 | 0 | 4 |
_222 _a332.0924 _bREI |
| 100 | 1 | _aReich, Cary. | |
| 245 | 1 | 0 |
_aFinancier, the biography of André Meyer : _ba story of money, power, and the reshaping of American business / _cCary Reich. |
| 260 |
_aNew York : _bJohn Wiley & Sons, _cc.1997. |
||
| 300 |
_a392 p. ; _c25 cm. |
||
| 500 | _aIndex : p. [371]-392. | ||
| 504 | _aBibliography : p. [363]-369. | ||
| 520 | _aA ferociously energetic, charming, and ruthless businessman, he had, by the age of forty, helped save the foundering auto giant Citroen, established France's first consumer finance company, and been awarded the Legion of Honor. He was a trusted adviser of the Kennedys and an intimate of Lyndon Johnson, William Paley, and Katharine Graham. | ||
| 520 | 8 | _aHis numerous business accomplishments included the building or revitalizing of such corporate giants as Avis, Holiday Inns, Warner-Lambert, and Engelhard Minerals & Chemicals. One of the world's savviest individual investors, he amassed a personal fortune of well over $200 million, yet to his dying day never gave up the search for the ultimate buck. | |
| 520 | 8 | _aAfter getting his professional start at a small Paris bank, he quickly caught the attention of the eminent private banking firm Lazard Freres, whose prestigious ranks he joined in 1925. Within a year, Andre Benoit Mathieu Meyer was made partner. With the advent of World War II, Meyer was forced into exile by the Nazi occupation. Resettling in the United States, he took over Lazard's New York operation, building it into the most venturesome investment bank in America. | |
| 520 | 8 | _aFinancier captures Meyer's financial wizardry, a phenomenal talent that was tempered only by the volatile tantrums, ruthlessness, and insatiable greed that went hand in hand with his genius. | |
| 520 | 8 | _aUnveiling the dueling sides of his complex personality, this absorbing account shows Meyer at his best - as a father figure for the likes of Felix Rohatyn, his most famous protege, and for Jacqueline Onassis in the years after the assassination - and presents him at his worst - as a tortured and possessive father and a cruel, often vindictive boss. | |
| 600 | 1 | 7 |
_aMeyer, André, _d1898-1979. |
| 650 | 7 |
_aCapitalists and financiers _zUnited States _vBiography. _2BUEsh |
|
| 650 | 7 |
_aInvestment banking _zUnited States _xHistory. _2BUEsh |
|
| 651 | _2BUEsh | ||
| 653 |
_bBUSADM _cNovember2016 |
||
| 942 | _2ddc | ||
| 999 |
_c23191 _d23163 |
||